000 00369nam a2200145Ia 4500
008 150201s2000 xx 000 0 und d
082 _a612.015
_bB2000N
100 _aSIDDIQU A.A
245 _aBIOCHEMISTRY & CLINICAL PATHOLOGY
250 _a1ST
260 _bBIRLA PUBLICATION
_aSHAHDARA (DELHI)
_c2000
300 _a1-170
650 _aBIOCHEMISTRY
942 _2ddc
_cBK
999 _c2599
_d2599